The George W. Bush Presidency - Statistics

General Stats
  • This quiz has been taken 32,252 times
    19,728 since last reset
  • The average score is 17 of 27
Answer Stats
Hint Answer % Correct
Countries invaded by the U.S. Iraq
96%
State he was governor of Texas
93%
Countries invaded by the U.S. Afghanistan
92%
2000 election opponent Al Gore
87%
Fill-in-the-blank You are either with us or {against} {us}
87%
His Vice President Dick Cheney
80%
Education legislation that he signed in 2001 No Child {Left} {Behind}
78%
Fill-in-the-blank Axis of {evil}
75%
What the W in WMD stands for Weapon
75%
Fill-in-the-blank {Mission} accomplished
74%
His middle name Walker
73%
Disease he commited $15 billion to fighting AIDS
72%
What "Gitmo" is a nickname for Guantanamo Bay
68%
Fill-in-the-blank {Shock} and awe
65%
2004 election opponent John Kerry
64%
Rapper who said George Bush doesn't care about black people Kanye West
61%
Secretary of State Condoleezza Rice
58%
His nickname (based on his middle initial) Dubya
57%
Baseball team he co-owned Texas Rangers
50%
Secretary of State Colin Powell
48%
State he was born in Connecticut
39%
Secretary of Defense (2001-2006) Donald Rumsfeld
38%
Prison in Iraq notorious for abuse Abu Ghraib
32%
Ace of spades on the U.S. Military's card deck Saddam Hussein
29%
Fill-in-the-blank Rarely is the question asked, is our children {learning}?
25%
Fill-in-the-blank Brownie, you're doing a {heck} {of} {a} {job}
21%
Political advisor known as "Turd Blossom" Karl Rove
20%
No matching quizzes found
Score Distribution
Percent of People with Each Score
Percentile by Number Answered
Your Score History
You have not taken this quiz since the last reset